| 000 | 02172nam a2200205Ia 4500 | ||
|---|---|---|---|
| 999 |
_c7905 _d7905 |
||
| 005 | 20250708092711.0 | ||
| 008 | 230420s9999 xx 000 0 und d | ||
| 020 | _a9681618904 | ||
| 040 |
_aUPAN _cBiblioteca San Vicente _eRCAA2 |
||
| 041 | _aspa | ||
| 082 |
_a336.2 _bR533p _c1994 |
||
| 100 |
_aRicardo, David _4aut. |
||
| 245 | 0 |
_aPrincipios de economía política y tributación./ _bDavid Ricardo |
|
| 250 | _a1° ed., 5° reimp | ||
| 260 |
_aMexico: _bFondo de cultura económica, _c1994 |
||
| 300 |
_a332 p.: _c21 cm. |
||
| 505 | _aCapitulo I. Sobre el valor Capitulo II. Sobre la renta Capitulo III. Sobre la renta de las minas Capitulo IV. Sobre el precio natural y el precio de mercado Capitulo V. Sobre salarios Capitulo VI. Sobre las utilidades Capitulo VII. Sobre comercio exterior Capitulo VIII. Sobre los impuestos Capitulo IX. Impuestos sobre productos primos Capitulo X. Impuestos sobre la renta de la tierra Capitulo XI. Diezmos Capitulo XII. Impuesto predial Capitulo XIII. Impuestos sobre el oro Capitulo XIV. Impuestos sobre viviendas Capitulo XV. Impuestos sobre la utilidad Capitulo XVI. Impuestos sobre salarios Capitulo XVII. Impuestos sobre artículos distintos del producto primo Capitulo XVIII. Impuestos de pobres Capitulo XIX. Sobre los cambios repentinos en los canales del comercio Capitulo XX. Valor y riqueza, sus propiedades distintivas Capitulo XXI. Efectos de la acumulación sobre las utilidades y el interés Capitulo XXII. Primas a la exportación y prohibiciones a la importación Capitulo XXIII. Primas sobre la producción Capitulo XXIV. Doctrina de Adam Smith acerca de la renta de la tierra´ Capitulo XXV. Del comercio colonial Capitulo XXVI. Del ingreso bruto y del ingreso neto Capitulo XXVII. De la moneda y de los bancos Capitulo XXVIII. Del valor comparativo del oro, de los cereales y del trabajo en los países ricos y pobres Capitulo XXIX. Impuestos pagados por el productor Capitulo XXX. De la influencia de la oferta y la demanda sobre los precios Capitulo XXXI. De la maquinaria Capitulo XXXII. Opiniones del Sr. Malthus sobre la renta | ||
| 650 |
_2LEMB _aEconomia |
||
| 942 |
_cBK _2ddc |
||